000 00862nam a2200265Ia 4500
003 OSt
005 20220918171736.0
006 a|||||r|||| 00| 0
007 ta
008 220917b |||||||| |||| 00| 0 eng d
020 _a9788173049484
_c1500
024 _a260,359
037 _b171/2011-12, 10/02/2012, Pioneer Book Distributors
_cTextual
040 _aARTS
_cARTS
_beng
041 _2eng
_aeng
082 _aV2:71, Q0.9
100 _aOsada Toshiki Ed.
245 0 _aCurrent studies on the indus civilization
260 _aNew Delhi
_bManohar India
_c2012
490 _vVol. 9
_aRihn - Manohar indus project series
650 _aHISTORY
700 _a Endo Hitoshi Ed.
_938586
942 _hV2:71, Q0.9
_cTEXL
_2CC
999 _c141195
_d141195